| 000 | 01609nam a2200493 i 4500 | ||
|---|---|---|---|
| 001 | 35834 | ||
| 003 | KOSZ 005 | ||
| 005 | 20220720085414.0 | ||
| 008 | 010707s1998 pl a |001 0 pol | ||
| 015 | _aUWD 2001/15895 | ||
| 020 | _a8371871341 | ||
| 035 | _a991016392669705066 | ||
| 035 | _a(PL-WaBN)b14408910-48omnis_nlop | ||
| 035 | _ab14408910 | ||
| 035 | _a(OCoLC)749690262 | ||
| 035 | _azz2004927938 | ||
| 035 | _a(PL)b0000001440891 | ||
| 035 | _a(EXLNZ-48OMNIS_NETWORK)9910351696105606 | ||
| 040 |
_aWA N _cWA N _dKOSZ 005/HR |
||
| 041 | 0 |
_apol _aeng _ager |
|
| 046 | _k1998 | ||
| 080 | _a339.5(4-67)"1945/..." | ||
| 100 | 1 |
_aKaczmarek, Tadeusz Teofil _d(1936-2021) _eAutor |
|
| 245 | 1 | 0 |
_aPoradnik eksportera do krajów Unii Europejskiej / _cTadeusz T. Kaczmarek. |
| 260 |
_aGdańsk : _bOśrodek Doradztwa i Doskonalenia Kadr, _c1998. |
||
| 300 |
_a310, [2] s. : _bil. ; _c25 cm. |
||
| 336 |
_aTekst _btxt _2rdacontent |
||
| 337 |
_aBez urządzenia pośredniczącego _bn _2rdamedia |
||
| 338 |
_aWolumin _bnc _2rdacarrier |
||
| 380 | _aKsiążki | ||
| 388 | _a1901-2000 | ||
| 388 | _a1989-2000 | ||
| 504 | _aBibliogr. - Indeks. | ||
| 546 | _aTekst częśc. ang., niem. | ||
| 650 | 7 |
_aHandel zagraniczny _2DBN |
|
| 650 | 7 | _aEksport | |
| 651 | 7 | _aKraje Unii Europejskiej | |
| 655 | 7 |
_aPoradnik _2DBN |
|
| 658 | _aGospodarka, ekonomia, finanse | ||
| 710 | 2 |
_aODDK _4pbl |
|
| 856 |
_uhttp://koha.tu.koszalin.pl/cgi-bin/koha/opac-detail.pl?biblionumber=35834 _yKatalog online BPK |
||
| 942 |
_2UKD _cKS |
||
| 999 |
_c35834 _d35834 |
||